| 000 | 01104cam a2200385 a 4500 | ||
|---|---|---|---|
| 001 | 2967 | ||
| 003 | BD-DhBUF | ||
| 005 | 20260118130332.0 | ||
| 008 | 960604s1997 ilua 001 0 eng | ||
| 010 | _a 96020987 | ||
| 020 |
_a0256123837 _qcombined vols. |
||
| 020 |
_a025623308X _qvol. 1 |
||
| 020 |
_a0256233748 _qvol. 2 |
||
| 020 |
_a9780256123838 _q(combined vols.) |
||
| 020 |
_a9780256233742 _q(vol. 2) |
||
| 035 | _a3052401 | ||
| 040 |
_aDLC _cDLC _dDLC |
||
| 050 | 0 | 0 |
_aHF5635 _b.I655 1997 |
| 082 | 0 | 0 |
_a657 _220 |
| 100 |
_aAinsworth, Penne. _9356 |
||
| 245 | 0 | 0 |
_aIntroduction to accounting : _ban integrated approach / _cPenne Ainsworth ... [et al.]. |
| 250 | _a1st ed. | ||
| 260 |
_aBoston : _bIrwin, _c1997. |
||
| 300 |
_a2 v. : _bcol. ill. ; _c28 cm. |
||
| 336 |
_atext _btxt _2rdacontent |
||
| 337 |
_aunmediated _bn _2rdamedia |
||
| 338 |
_avolume _bnc _2rdacarrier |
||
| 500 | _aIncludes index. | ||
| 526 | _aBBA | ||
| 650 | 0 | _aAccounting. | |
| 700 | 1 |
_aDeines, Dan _94303 |
|
| 700 | 1 |
_aPlumlee, R. David _94304 |
|
| 700 | 1 |
_aLarson, Cathy Xanthaky _9197 |
|
| 942 |
_2ddc _cBK |
||
| 999 |
_c2967 _d2967 |
||